[Event "Novgorod op"]
[Site "Novgorod"]
[Date "1999.03.22"]
[Round "4"]
[White "Loginov, Anton"]
[Black "Dokuchaev, Aleksander"]
[Result "0-1"]
[WhiteElo "2320"]
[BlackElo "2443"]

1.d4 d5 2.c4 dxc4 3.e4 Nc6 4.Be3 Nf6 5.f3 e5 6.d5 Na5 7.Qa4+ c6 8.b4 cxb3
9.axb3 b5 10.Qxa5 Qxa5+ 11.Rxa5 Bb4+ 12.Bd2 Bxa5 13.Bxa5 cxd5 14.Nc3 dxe4
15.fxe4 a6 16.Nf3 Be6 17.b4 Rc8 18.Kd2 Nd7 19.Nd5 Bxd5 20.exd5 Ke7 21.Ng5 f5
22.Ne6 Nf6 23.Nc5 Kd6 24.g4 Nxg4 25.Rg1 Nxh2 26.Be2 g6 27.Rg2 Ng4 28.Bxg4 fxg4
29.Ke3 Rhf8 30.Ne4+ Kxd5 31.Rd2+ Ke6 32.Bb6 Rf3+ 33.Ke2 Rc4 34.Ng5+ Kf5 35.Bd8 Rfc3
36.Rd7 g3  0-1

[Event "Novgorod op"]
[Site "Novgorod"]
[Date "1999.03.23"]
[Round "5"]
[White "Polovodin, Igor A"]
[Black "Danielian, Elina"]
[Result "1/2-1/2"]
[WhiteElo "2468"]
[BlackElo "2353"]

1.d4 d5 2.c4 dxc4 3.e4 Nf6 4.e5 Nd5 5.Bxc4 Nb6 6.Bb3 Nc6 7.Ne2 Bf5 8.Nbc3 e6
9.O-O Qd7 10.Be3 Be7 11.Rc1 Rd8 12.Ng3 Bg6 13.Qf3 O-O 14.Rfd1 Na5 15.Bc2 Bxc2
16.Rxc2 Nc6 17.Nh5 f5 18.exf6 Bxf6 19.Ne4 Nd5 20.Qg4 Qf7 21.a3 Be7 22.h3 Qg6
23.Qxg6 hxg6 24.Nhg3 e5 25.Rcd2 exd4 26.Bxd4 Nxd4 27.Rxd4 Nf4 28.Rd7 c6 29.R1d2 Bh4
30.Rxb7 Rxd2 31.Nxd2 Nd3 32.Nf3 Bf6 33.b4 Rf7 34.Rb8+ Rf8 35.Rb7 Rf7 36.Rb8+ Rf8
37.Rxf8+ Kxf8 38.Nd2 Ke7 39.Kf1 Ke6 40.Ke2 Nc1+ 41.Kd1 Nd3 42.Ke2 Nc1+ 43.Ke3 Kd5
44.Ne2 Nxe2 45.Kxe2 Bb2 46.Nb1 Kc4 47.f4 Bc1 48.g3 Kb3 49.Kd3 Kb2 50.Nc3 Kb3
51.Nb1 Kb2 52.Nc3 Kb3 53.Ne2 Bxa3 54.Nd4+ Kxb4 55.Nc2+ Kb3 56.Nxa3 Kxa3 57.Kc3 Ka4
58.Kc4  1/2-1/2

[Event "BL9899 (Women)"]
[Site "Germany"]
[Date "1999.03.27"]
[Round "10.4"]
[White "Kiseleva, Natalia"]
[Black "Seidemann, Ulrike"]
[Result "1/2-1/2"]
[WhiteElo "2316"]
[BlackElo "2085"]

1.d4 d5 2.c4 dxc4 3.e4 e6 4.Bxc4 a6 5.Be3 Nf6 6.f3 Bb4+ 7.Nc3 O-O 8.Ne2 c5
9.dxc5 Qc7 10.Qd6 Qa5 11.Qb6 Nc6 12.a3 Nd7 13.Qxa5 Nxa5 14.Ba2 Bxc5 15.Bxc5 Nxc5
16.b4 Nd3+ 17.Kd2 Rd8 18.Ke3 Nc6 19.Rhd1 Nde5 20.f4 Ng6 21.Na4 b5 22.Rxd8+ Nxd8
23.Rd1 Bb7 24.Nb6 Rb8 25.Nd7 Rc8 26.Nb6 Rb8 27.Nd7 Rc8 28.Nc5 Bc6 29.Nd4 e5
30.fxe5 Nxe5 31.Nf5 Kf8 32.Nd6 Ra8 33.Nb3 g6 34.h3 Ke7 35.Na5 f6 36.g4 h6
37.Kf4 Ne6+ 38.Bxe6 Kxe6 39.Nxc6 Nxc6 40.Nb7 g5+ 41.Ke3 Ne5 42.Nc5+  1/2-1/2

[Event "Dreifluesse op 7th"]
[Site "Passau"]
[Date "1999.04.03"]
[Round "3"]
[White "Roski, Ferdinand"]
[Black "Stroeher, Wolfgang"]
[Result "0-1"]
[WhiteElo "2205"]
[BlackElo "1949"]

1.d4 d5 2.c4 dxc4 3.e4 e5 4.dxe5 Qxd1+ 5.Kxd1 Nc6 6.f4 f6 7.Bxc4 fxe5 8.Nc3 Bg4+
9.Kc2 exf4 10.Bxf4 O-O-O 11.Re1 Bb4 12.h3 Nd4+ 13.Kc1 Be6 14.Bxe6+ Nxe6 15.Be5 Ne7
16.a3 Ba5 17.b4 Bb6 18.Nf3 c6 19.Rhf1 Ng6 20.Bg3 Ngf4 21.Ne5 Rhf8 22.Bxf4 Nxf4
23.g3 Bd4 24.gxf4 Bxc3 25.Rd1 Rxd1+ 26.Rxd1 Rxf4 27.Nc4 Kc7 28.Kc2 Bf6 29.Kd3 b5
30.Ne3 Rf3 31.Ke2 Rxh3 32.Rf1 Kd6 33.Rf5 h5 34.Rc5 g6 35.Kd3 Rg3 36.e5+ Bxe5
37.Ke4 Bf6 38.a4 a6 39.axb5 axb5 40.Rc1 Rxe3+  0-1

[Event "Czerniak mem 15th"]
[Site "Tel Aviv"]
[Date "1999.04.04"]
[Round "5"]
[White "Greenfeld, Alon"]
[Black "Bykhovsky, Avigdor"]
[Result "0-1"]
[WhiteElo "2521"]
[BlackElo "2453"]

1.d4 d5 2.c4 dxc4 3.e4 Nf6 4.e5 Nd5 5.Bxc4 Nb6 6.Bd3 Nc6 7.Be3 Be6 8.Nc3 Nb4
9.Be4 c6 10.Nge2 N4d5 11.O-O Bg4 12.Qb3 Bxe2 13.Nxe2 e6 14.a4 a5 15.Bxd5 exd5
16.f4 Bb4 17.f5 Nc4 18.Bf4 g5 19.Be3 f6 20.Ng3 Qb6 21.Bf2 Nd2 22.Qd1 O-O-O
23.Re1 Ne4 24.Nxe4 Bxe1 25.Qxe1 dxe4 26.Qxe4 Rhe8 27.Qc2 Qb4 28.e6 h5 29.Rf1 Rd5
30.Be3 h4 31.h3 Rg8 32.Qe2 Qxa4 33.Qh5 Qb4 34.Qf7 Qf8 35.Qxf8+ Rxf8 36.Bxg5 fxg5
37.f6 Kd8 38.e7+ Ke8 39.exf8=Q+ Kxf8 40.Re1 Rb5 41.Re2 Kf7 42.Kf2 Kxf6 43.Ke3 Rb3+
44.Ke4 Ke6 45.Rc2 Rg3 46.Rf2 a4 47.Rc2 Kd6 48.Rf2 b5 49.Rf6+ Kc7 50.Rf2 Kb6
51.Rc2 a3 52.bxa3 Rxa3 53.Rb2 Rg3 54.Ke5 g4 55.hxg4 Rxg4 56.Rc2 b4 57.Rc4 Rg5+
58.Kf4 Rb5 59.Kg4 b3 60.Rc1 Rb4 61.Kxh4 c5 62.g4 Rxd4  0-1

[Event "ISR-ch op"]
[Site "Tel Aviv"]
[Date "1999.04.07"]
[Round "8"]
[White "Golod, Vitali"]
[Black "Zilberman, Yaacov"]
[Result "1/2-1/2"]
[WhiteElo "2554"]
[BlackElo "2513"]

1.d4 d5 2.c4 dxc4 3.e4 Nf6 4.e5 Nd5 5.Bxc4 Nb6 6.Bd3 Nc6 7.Ne2 Bg4 8.f3 Be6
9.Nbc3 Bc4 10.Be4 Qd7 11.b3 Bxe2 12.Nxe2 O-O-O 13.Be3 Nd5 14.Bf2 f5 15.exf6 exf6
16.O-O f5 17.Bxd5 Qxd5 18.a3 Be7 19.Qc2 Bf6 20.Rfd1 Kb8 21.Rac1 Rhe8 22.Nf4 Qd6
23.d5 Nd4 24.Bxd4 Qxf4 25.Bf2 Be5 26.g3 Qxf3 27.Rd3 Qh5 28.d6 Qf7 29.Qxc7+ Qxc7
30.Rxc7 Rxd6 31.Rxd6 Kxc7 32.Rd5 b6 33.Kg2 g6 34.Kf3 Bd6 35.Rd4 Re7 36.a4 Kc6
37.b4 Be5 38.b5+ Kb7 39.Rd5 Bc7 40.Rd4 a6 41.bxa6+ Kxa6 42.Rc4 Kb7 43.Rd4 Re6
44.Rd7 h5 45.Rg7 Kc6 46.Be3 Bd6 47.Rg8 Bc5 48.Bd2 Kd5 49.Rc8 Kc4 50.a5 bxa5
51.Bxa5 Ra6 52.Bd2 Kd5 53.Be3 Be7 54.h4 Ra3 55.Kf2 Bd6 56.Re8 Be5 57.Re7 Rb3
58.Re8 Rb4 59.Kf3 Rg4 60.Rd8+ Kc6 61.Bf2 Bd6 62.Re8 Kd5 63.Rd8 Ke6 64.Re8+ Kf7
65.Rd8 Ke7 66.Ra8 f4 67.gxf4 Rxf4+ 68.Kg2 Ke6 69.Ra6 Rg4+ 70.Kh3 Kd5 71.Be1 Be5
72.Ra3 Ke4 73.Bf2 Kf5 74.Rf3+ Ke6 75.Rb3 Rc4 76.Bg3 Bd4 77.Ra3 Rc6 78.Rd3 Rc4
79.Ra3 Rc6 80.Rd3 Bf6 81.Re3+ Kd5 82.Rd3+ Ke6 83.Re3+ Kf5 84.Rd3 Ke4 85.Rd6 Rxd6  1/2-1/2

[Event "Mitropa Cup"]
[Site "Baden"]
[Date "1999.04.09"]
[Round "8"]
[White "Boensch, Uwe"]
[Black "Varga, Zoltan"]
[Result "1/2-1/2"]
[WhiteElo "2533"]
[BlackElo "2518"]

1.d4 d5 2.c4 dxc4 3.e4 Nf6 4.e5 Nd5 5.Bxc4 Nb6 6.Bd3 Nc6 7.Be3 Nb4 8.Be4 N4d5
9.Nc3 c6 10.Qf3 Be6 11.Nh3 f6 12.Nf4 Nxf4 13.Qxf4 g6 14.h4 f5 15.Bc2 Rg8
16.Qf3 Qd7 17.O-O-O O-O-O 18.h5 Nd5 19.hxg6 hxg6 20.Bg5 Nxc3 21.Qxc3 Bd5
22.f3 Kb8 23.Rh7 Rg7 24.Rh8 Rg8 25.Rh7 Rg7 26.Rh4 Rc8 27.Rh8 e6 28.Rdh1 Be7
29.Rxc8+ Qxc8 30.Bxe7 Rxe7 31.Qc5 Qd8 32.a4 b6 33.Qa3 Rc7 34.a5 Qg5+ 35.Kb1 Qxg2
36.Rh8+ Rc8 37.Qd6+ Kb7 38.a6+ Kxa6 39.Bd3+ Kb7 40.Rh7+ Ka8 41.Qd7 Qg1+ 42.Kc2 Qf2+
43.Kc3 Qe1+ 44.Kc2 Qf2+ 45.Kb1 Qe1+ 46.Kc2  1/2-1/2

[Event "Budapest FS04 GM"]
[Site "Budapest"]
[Date "1999.04.13"]
[Round "11"]
[White "Seres, Lajos"]
[Black "Zontakh, Andrey"]
[Result "0-1"]
[WhiteElo "2428"]
[BlackElo "2530"]

1.d4 d5 2.c4 dxc4 3.e4 Nf6 4.e5 Nd5 5.Bxc4 Nc6 6.Nc3 Nb6 7.Bb5 Bd7 8.a3 a6
9.Be2 Bf5 10.Nf3 e6 11.O-O Be7 12.Be3 O-O 13.b4 Qd7 14.Qb3 Rfd8 15.Rfd1 Qe8
16.Ne1 a5 17.bxa5 Nxa5 18.Qa2 Nac4 19.a4 Nxe3 20.fxe3 Nxa4 21.Nxa4 b5 22.Bxb5 Qxb5
23.Nc3 Qc6 24.Qd2 Bb4 25.Rac1 Ra3 26.Nd5 Bxd2 27.Rxc6 Bxe1 28.Ne7+ Kf8 29.Nxf5 Ba5
30.Nh4 Rxe3 31.Kf2  0-1

[Event "Sonsbeek SNS"]
[Site "Arnhem"]
[Date "1999.05.06"]
[Round "4"]
[White "Kortschnoj, Viktor"]
[Black "Sadler, Matthew"]
[Result "1-0"]
[WhiteElo "2673"]
[BlackElo "2667"]

1.d4 d5 2.c4 dxc4 3.e4 Nf6 4.e5 Nd5 5.Bxc4 Nc6 6.Nc3 Nb6 7.Bb5 Bd7 8.Nf3 e6
9.O-O Nb4 10.Be2 Bc6 11.a3 N4d5 12.Ne4 Nf4 13.Bxf4 Bxe4 14.Ng5 Bg6 15.Bf3 Rb8
16.Qc1 Be7 17.Bxb7 O-O 18.Bc6 Qxd4 19.Nf3 Qc4 20.Be3 a5 21.Nd4 a4 22.Bf3 Bc5
23.Nc6 Qxc1 24.Raxc1 Bxe3 25.fxe3 Rbe8 26.Rfd1 h6 27.Kf2 Kh7 28.Ke2 Ra8 29.Rc5 Rfe8
30.h3 Nd5 31.Nb4 Re7 32.g4 Rae8 33.Nc6 Rd7 34.h4 Kh8 35.Rd4 Nb6 36.h5 Bb1
37.Nb4 Red8 38.Rc1 Bh7 39.Rxc7 Rxd4 40.exd4 Rxd4 41.Rb7 Nc4 42.Rb8+ Bg8 43.Nc6 Rd2+
44.Ke1 Rxb2 45.Rxb2 Nxb2 46.Be2 f5 47.exf6 e5 48.f7 Bxf7 49.Nxe5  1-0

[Event "Dubai op"]
[Site "Dubai"]
[Date "1999.05.06"]
[Round "6"]
[White "Sharif, Mershad"]
[Black "Gyimesi, Zoltan"]
[Result "1/2-1/2"]
[WhiteElo "2475"]
[BlackElo "2529"]

1.d4 d5 2.c4 dxc4 3.e4 c5 4.Nf3 cxd4 5.Qxd4 Qxd4 6.Nxd4 Bd7 7.Bxc4 Nc6 8.Nxc6 Bxc6
9.f3 e6 10.Be3 Nf6 11.Nd2 Nd7 12.Rc1 Bd6 13.Be2 Ke7 14.Kf2 Rhc8 15.Nc4 Bc5
16.Na5 Bb6 17.Nxc6+ Rxc6 18.Bb5  1/2-1/2

[Event "Salongernas Elo"]
[Site "Stockholm"]
[Date "1999.06.13"]
[Round "9"]
[White "Rylander, Dennis"]
[Black "Hjelm, Niclas"]
[Result "1/2-1/2"]
[WhiteElo "2141"]
[BlackElo "2306"]

1.d4 d5 2.c4 dxc4 3.e4 e5 4.Nf3 exd4 5.Bxc4 Bb4+ 6.Nbd2 Nc6 7.O-O Nf6 8.e5 Nd5
9.Nb3 Nb6 10.Bb5 Qd5 11.Nbxd4  1/2-1/2

[Event "Politiken Cup"]
[Site "Copenhagen"]
[Date "1999.07.12"]
[Round "9"]
[White "Pedersen, Steffen"]
[Black "Rasmussen, Casper"]
[Result "1/2-1/2"]
[WhiteElo "2427"]
[BlackElo "2240"]

1.d4 d5 2.c4 dxc4 3.e4 e5 4.Nf3 exd4 5.Bxc4 Nc6 6.O-O Be6 7.Bb5 Bc5 8.Nbd2 Ne7
9.Ng5 Qd6 10.Nxe6 Qxe6 11.Nb3 Qd6 12.Bf4 Qxf4 13.Nxc5 O-O 14.Rc1 b6 15.Na6 Qxe4
16.Re1 Qg6 17.Qf3 d3 18.Bxc6 Nxc6 19.Rxc6 d2 20.Rf1 Qg5 21.Nxc7 Rad8 22.g3 Qe5
23.Qb3 Rd7 24.Nb5 d1=Q 25.Rxd1 Rxd1+ 26.Qxd1  1/2-1/2

[Event "S&W Young Masters 9th"]
[Site "Witley"]
[Date "1999.07.19"]
[Round "4"]
[White "Palliser, Richard"]
[Black "Haslinger, Stewart"]
[Result "1-0"]
[WhiteElo "2253"]
[BlackElo "2267"]

1.d4 d5 2.c4 dxc4 3.e4 Nc6 4.Nf3 Bg4 5.d5 Ne5 6.Bf4 Ng6 7.Be3 Nf6 8.Nc3 e5
9.Bxc4 a6 10.Be2 Bd7 11.O-O Bb4 12.Nd2 O-O 13.a3 Bd6 14.Nc4 Qe7 15.b4 b5
16.Na5 Rfc8 17.Rc1 Kh8 18.Re1 c6 19.dxc6 Bxc6 20.Bg5 Nf4 21.Bg4 Rc7 22.g3 Bd7
23.Bxd7 Rxd7 24.gxf4 Bxb4 25.Nd5 Bxe1 26.Qxe1 Qe6 27.f5 Qd6 28.Rc6 Qxa3 29.Nxf6 Rd4
30.Rc3 Rd1 31.Qxd1 Qxc3 32.Qh5 h6 33.Bxh6 g6 34.Qh4 Qf3 35.Bf8+ Qh5 36.Nxh5 Rxf8
37.Qf6+  1-0

[Event "S&W Young Masters 9th"]
[Site "Witley"]
[Date "1999.07.23"]
[Round "8"]
[White "Palliser, Richard"]
[Black "Zalkind, Karmi"]
[Result "1/2-1/2"]
[WhiteElo "2253"]
[BlackElo "2216"]

1.d4 d5 2.c4 dxc4 3.e4 Nf6 4.e5 Nd5 5.Bxc4 Nb6 6.Bd3 Nc6 7.Be3 Be6 8.Nc3 Qd7
9.Nge2 O-O-O 10.Be4 f5 11.Bf3 Rg8 12.h4 Bc4 13.b3 Ba6 14.a3 e6 15.b4 Bc4
16.Rc1 Be7 17.h5 Kb8 18.Na4 Bxe2 19.Bxe2 Nxa4 20.Qxa4 Nxd4 21.Qxd7 Rxd7 22.Bc4 Rgd8
23.O-O f4  1/2-1/2

[Event "Biel MTO"]
[Site "Biel"]
[Date "1999.07.27"]
[Round "8"]
[White "Volkov, Sergey"]
[Black "Raetsky, Alexander"]
[Result "1/2-1/2"]
[WhiteElo "2575"]
[BlackElo "2408"]

1.d4 d5 2.c4 dxc4 3.e4 e5 4.Nf3 exd4 5.Bxc4 Bb4+ 6.Nbd2 Nc6 7.O-O Nf6 8.e5 Nd5
9.Nb3 Nb6 10.Bb5 Qd5 11.Nfxd4 O-O 12.Nxc6 Qxb5 13.Nxb4 Qxb4 14.Be3 Re8 15.Qc2 Nd5
16.Bd4 b6 17.Qc6 Be6 18.f4 Ne7 19.Qc3 a5 20.Rad1 c5 21.Be3 Nf5 22.Bf2 Red8
23.Qxb4 axb4 24.g4 Ne7 25.f5 Bc4 26.Rfe1 Nc6 27.Rd6 Rxd6 28.exd6 Rd8 29.Nd2 Bd5
30.a3 f6 31.axb4 Nxb4 32.Bg3 Nd3 33.Re7 Nxb2 34.g5 Nd3 35.d7 Bc6 36.Re6 Ba4
37.gxf6 Rxd7 38.Ne4 Ra7 39.Rxb6 gxf6 40.Nxf6+ Kg7 41.Nh5+ Kf7 42.Rh6 Kg8
43.Rd6 c4 44.Rd8+ Kf7 45.Rh8 Rd7 46.Rxh7+ Kf8 47.Rh8+ Kf7 48.Bh4 Ne5 49.Bf6 Ng4
50.Bg5 Bc6 51.Kf1 Rd5 52.Ng3 c3 53.h3 Nh2+ 54.Kf2 Nf3 55.Be3 c2 56.Rh7+ Kg8
57.Rc7 Ne5 58.Ne4 Nd3+ 59.Kg3 Rxf5 60.Rxc6 Re5 61.Rc8+ Kf7 62.Ng5+ Kg6 63.Rc6+ Kf5
64.Bd2 Rc5 65.Rd6 c1=Q 66.Bxc1 Nxc1 67.Kh4 Ne2 68.Kh5 Nf4+ 69.Kh6 Rc3 70.h4 Kg4
71.Ne4 Re3 72.Rd4 Kxh4  1/2-1/2

[Event "MK Cafe Cup-A"]
[Site "Koszalin"]
[Date "1999.08.04"]
[Round "2"]
[White "Sherbakov, Ruslan"]
[Black "Skripchenko, Almira"]
[Result "1-0"]
[WhiteElo "2541"]
[BlackElo "2456"]

1.d4 d5 2.c4 dxc4 3.e4 e5 4.Nf3 exd4 5.Bxc4 Nc6 6.O-O Nf6 7.e5 Ne4 8.Re1 Nc5
9.Bg5 Be7 10.Bxe7 Qxe7 11.Nxd4 Nxd4 12.Qxd4 Be6 13.Bf1 Rd8 14.Qe3 O-O 15.Nc3 a5
16.h3 h6 17.Rad1 b6 18.f4 f6 19.a3 Rxd1 20.Rxd1 Bb3 21.Re1 fxe5 22.fxe5 Kh8
23.Ne2 Qf7 24.Nd4 Bd5 25.e6 Qg6 26.g4 Re8 27.e7 c6 28.Qf4 Kg8 29.Nf5 Ne6
30.Qd6 Qf7 31.Bg2 Bxg2 32.Qxe6 Qxe6 33.Rxe6 Bxh3 34.Re4  1-0

[Event "BCF-ch 86th"]
[Site "Scarborough"]
[Date "1999.08.04"]
[Round "4"]
[White "Gokhale, Anupama"]
[Black "Duncan, Christopher R"]
[Result "0-1"]
[WhiteElo "2181"]
[BlackElo "2297"]

1.d4 d5 2.c4 dxc4 3.e4 e5 4.Nf3 exd4 5.Bxc4 Nc6 6.O-O Be6 7.Bxe6 fxe6 8.Qb3 Qd7
9.Qxb7 Rb8 10.Qa6 Nf6 11.e5 Ne4 12.Qe2 Nc5 13.Rd1 Be7 14.Na3 O-O 15.Be3 d3
16.Qd2 Rxf3 17.Bxc5 Bxc5 18.gxf3 Nxe5 19.Qf4 Qd5 20.Kg2 Rxb2 21.Rd2 Rxd2  0-1

[Event "BCF-ch 86th"]
[Site "Scarborough"]
[Date "1999.08.07"]
[Round "7"]
[White "Arkell, Keith C"]
[Black "Pert, Richard G"]
[Result "1/2-1/2"]
[WhiteElo "2462"]
[BlackElo "2308"]

1.d4 d5 2.c4 dxc4 3.e4 Nf6 4.Nc3 e5 5.Nf3 exd4 6.Qxd4 Qxd4 7.Nxd4 Bc5 8.Ndb5 Na6
9.Bf4 c6 10.Nd6+ Bxd6 11.Bxd6 Be6 12.e5 Nd7 13.b3 Nb6 14.Ne4 cxb3 15.axb3 Bxb3
16.Bxa6 bxa6 17.O-O Bc4 18.Rfc1 Bd3 19.Nc5 Bb5 20.f4 Nc4 21.Rab1 Nxd6 22.exd6 O-O-O
23.Rd1 h5 24.Rd4 Rh6 25.Rbd1 h4 26.Ne4 Re6 27.Kf2 Kb8 28.R1d2 Rh6 29.Ke1 Kb7
30.d7 Re6 31.Kd1 Kc7 32.Nc5 Re7 33.Kc1 Kb6 34.Rc2 Re1+ 35.Rd1 Rxd1+ 36.Kxd1 Bf1
37.Kc1 g6 38.Kb2 Bxg2 39.Na4+ Kb5 40.Ka3 a5 41.Rb2+ Kc4 42.Rxg2 Rxd7 43.Nb2+ Kc3
44.Na4+ Kc4 45.Nb2+ Kc3 46.Na4+ Kc4  1/2-1/2

[Event "BCF-ch 86th"]
[Site "Scarborough"]
[Date "1999.08.07"]
[Round "7"]
[White "Turner, Matthew"]
[Black "Baburin, Alexander"]
[Result "1-0"]
[WhiteElo "2478"]
[BlackElo "2593"]

1.d4 d5 2.c4 dxc4 3.e4 Nc6 4.Nf3 Bg4 5.d5 Ne5 6.Nbd2 Qd6 7.Qa4+ Bd7 8.Qc2 e6
9.Nxc4 Nxf3+ 10.gxf3 Qe7 11.Be3 exd5 12.exd5 Qb4+ 13.Bd2 Qc5 14.O-O-O Qxd5
15.Bd3 Be6 16.Rhe1 Nf6 17.Kb1 O-O-O 18.Bc3 Qxf3 19.Ne5 Qf4 20.Nxf7 Rxd3 21.Be5 Qc4
22.Qxc4 Bxc4 23.Nxh8 Bb4 24.Rg1 Ng4 25.Bxg7 Nxf2 26.Rxd3 Bxd3+ 27.Ka1 Bc5
28.Be5 Bb6 29.Rg7 Be4 30.Nf7 Nd3 31.Bc3 Be3 32.h4 Bg6 33.Nh8 Bf2 34.Nxg6 hxg6
35.Bf6 Nf4 36.Bg5 Ng2 37.Rh7 Be3 38.Rf7 Bxg5 39.hxg5 Nh4 40.Rf4 Nf5  1-0

[Event "MK Cafe Cup-B"]
[Site "Koszalin"]
[Date "1999.08.12"]
[Round "9"]
[White "Neverov, Valeriy"]
[Black "Voloshin, Leonid"]
[Result "0-1"]
[WhiteElo "2549"]
[BlackElo "2423"]

1.d4 d5 2.c4 dxc4 3.e4 c5 4.d5 Nf6 5.Nc3 b5 6.e5 b4 7.exf6 bxc3 8.bxc3 exf6
9.Bxc4 Bd6 10.Qe2+ Qe7 11.Nf3 Nd7 12.O-O Qxe2 13.Bxe2 Nb6 14.Rd1 Bb7 15.c4 Ba6
16.Nd2 O-O-O 17.a4 Kc7 18.Bf1 Rhe8 19.a5 Nd7 20.Ba3 Rb8 21.Rac1 f5 22.Bd3 g6
23.g3 Be5 24.Rc2 Bf6 25.Bf1 Kd6 26.Kg2 Ne5 27.h3 h5 28.Bc1 Rb4 29.f4 Nd7
30.Nf3 Re4 31.Ng5 Bxg5 32.fxg5 Ne5 33.Bf4 Rxf4 34.gxf4 Nxc4 35.Re1 Na3 36.Rf2 Bxf1+
37.Kxf1 c4 38.Re3 Nb5 39.Re8 c3 40.Rd8+ Kc7 41.Re8 Nd4 42.Ra2 c2 43.Re1 Kd6
44.Rc1 Kxd5 45.Kf2 Ke4 46.Ra3 Rb1  0-1

[Event "FRA-ch qual"]
[Site "Bescanon"]
[Date "1999.08.19"]
[Round "2"]
[White "Karr, Jean Philipp"]
[Black "Bouvier, Bruno"]
[Result "1/2-1/2"]
[WhiteElo "2321"]
[BlackElo "2214"]

1.d4 d5 2.c4 dxc4 3.e4 c5 4.d5 e6 5.Bxc4 Nf6 6.Nc3 exd5 7.Nxd5 Nxd5 8.Bxd5 Be7
9.Nf3 O-O 10.O-O Qb6 11.Qe2 Nc6 12.Be3 Bg4 13.h3 Bxf3 14.Qxf3 Bf6 15.b4 Nxb4
16.Rab1 Rac8 17.Rfc1 Qa5 18.Bxb7 Rc7 19.a3 Qxa3 20.e5 Be7 21.Be4 c4 22.Ra1 Qb2
23.Rab1 Qa3 24.Ra1  1/2-1/2

[Event "BIH-chT"]
[Site "Bihac"]
[Date "1999.08.24"]
[Round "4"]
[White "Lazovic, Gordan"]
[Black "Osmanovic, Kemal"]
[Result "1/2-1/2"]
[WhiteElo "2319"]
[BlackElo "2350"]

1.d4 d5 2.c4 dxc4 3.e4 Nf6 4.e5 Nd5 5.Bxc4 Nb6 6.Bb3 Nc6 7.Nf3 Bf5 8.d5 Bxb1
9.Rxb1 Na5 10.Ba4+ c6 11.dxc6 Qxd1+ 12.Bxd1 Nxc6 13.e6 f6 14.O-O g6 15.h4 Bg7
16.h5 f5 17.Bf4 O-O 18.Nh4  1/2-1/2

[Event "Pyramiden Franken Cup"]
[Site "Fuerth"]
[Date "1999.08.25"]
[Round "5"]
[White "Michaelsen, Nils"]
[Black "Yakovich, Yuri"]
[Result "0-1"]
[WhiteElo "2439"]
[BlackElo "2592"]

1.d4 d5 2.c4 dxc4 3.e4 Nf6 4.e5 Nd5 5.Bxc4 Nb6 6.Bb3 Bf5 7.Nc3 e6 8.Nge2 Nc6
9.O-O Qd7 10.a3 Be7 11.Ba2 O-O 12.Be3 Rfd8 13.Qc1 Bf8 14.Rd1 Ne7 15.Ng3 Bg6
16.Nce4 Nbd5 17.Qc4 Nf5 18.Nxf5 Bxf5 19.Nc5 Qc6 20.Rac1 b6 21.Nd3 Qxc4 22.Bxc4 Nxe3
23.fxe3 c5 24.dxc5 bxc5 25.Kf2 Rab8 26.Kf3 Bxd3 27.Bxd3 g6 28.Rc2 Rd5 29.e4 Rd4
30.Ke2 c4 31.Bxc4 Rxe4+ 32.Kf3 Rxe5 33.Rd7 a5 34.a4 Rc8 35.g4 h5 36.h3 Rc6
37.b3 Rd6 38.Ra7 Rd4 39.Re2 hxg4+ 40.hxg4 Rg5 41.Rg2 Bb4 42.Rb7 Bd6 43.Rd7 Be5
44.Rxd4 Bxd4 45.Rd2 Bc3 46.Rd3 Bb4 47.Rd7 Re5 48.Rb7 Kg7 49.Bb5 Re1 50.Kf2 Rd1
51.Be8 Rd8 52.Bd7 Kf6 53.Kf3 Kg5 54.Rb5+ Kh4 55.Rb7 Rf8 56.Rb6 Ra8 57.Rb7 Rd8
58.Rc7 Rb8 59.Rc4 Kg5 60.Rf4 Rf8 61.Rc4 Ra8 62.Rc7 Rb8 63.Ra7 Rb6 64.Be8 f5
65.gxf5 exf5 66.Rg7 Kh6 67.Rf7 Re6 68.Bb5 Bc5 69.Rc7 Re3+ 70.Kg2 Bb4 71.Bc4 g5
72.Kf2 Rc3 73.Rf7 Kg6 74.Rd7 g4 75.Ke2 Kg5 76.Rg7+ Kf4 77.Kf2 Rc2+ 78.Kf1 Rc1+
79.Kg2 Bc5 80.Bd5 Rc2+ 81.Kf1 g3 82.Rf7 Rf2+ 83.Ke1 Bb4+ 84.Kd1 Rd2+ 85.Kc1 Rxd5  0-1

[Event "CRO-chT"]
[Site "Pula"]
[Date "1999.09.14"]
[Round "5"]
[White "Morovic Fernandez, Ivan"]
[Black "Stevic, Hrvoje"]
[Result "1/2-1/2"]
[WhiteElo "2608"]
[BlackElo "2470"]

1.d4 d5 2.c4 dxc4 3.e4 e5 4.Nf3 exd4 5.Bxc4 Nc6 6.O-O Nf6 7.Qb3 Qd7 8.Bd2 a5
9.Re1 a4 10.Qb5 Nd8 11.e5 Ng4 12.Nxd4 Ne6 13.Nxe6 fxe6 14.h3 Qxb5 15.Bxb5+ c6
16.Bxc6+ bxc6 17.hxg4 Rb8 18.Bc3 Bc5 19.Nd2 O-O 20.Ne4 Bb6 21.g3 Ba6 22.Kg2 Bc4
23.f4 Bd5 24.Kh3 Ba7 25.a3 Rb3 26.Rad1 h6 27.g5 hxg5 28.Nxg5 Bc5 29.Ne4 Bxa3
30.bxa3 Bxe4 31.Rxe4 Rxc3 32.Rxa4 Rb8 33.Rb4 Ra8 34.a4 c5 35.Rb7 Rxa4 36.Rd8+ Kh7
37.Rdd7 Rxf4 38.Rxg7+ Kh8 39.Rge7 Kg8 40.Rxe6 Rf7 41.Rg6+ Kh7 42.Rbb6 Re3
43.Rh6+ Kg8 44.e6 Rh7 45.Rh4 Rxh4+ 46.Kxh4 Kf8 47.Rc6 Ke7 48.Rxc5 Kxe6 49.Rg5 Kf7
50.Kh5 Re6 51.Kg4 Ra6 52.Rb5  1/2-1/2

[Event "CRO-chT"]
[Site "Pula"]
[Date "1999.09.18"]
[Round "9"]
[White "Gyimesi, Zoltan"]
[Black "Stevic, Hrvoje"]
[Result "1-0"]
[WhiteElo "2531"]
[BlackElo "2470"]

1.d4 d5 2.c4 dxc4 3.e4 e5 4.Nf3 exd4 5.Bxc4 Bb4+ 6.Nbd2 Nc6 7.O-O Nf6 8.e5 Nd5
9.a3 Be7 10.Qb3 Na5 11.Qa4+ c6 12.Ba2 b5 13.Qxd4 Be6 14.Ne4 h6 15.Nc5 Bxc5
16.Qxc5 Qb6 17.Qc2 c5 18.b4 cxb4 19.axb4 Qc6 20.Qb2 Nc4 21.Bxc4 Qxc4 22.Bd2 O-O
23.Nd4 Nb6 24.Be3 Bd5 25.Rfc1 Qd3 26.Qb1 Qxb1 27.Rcxb1 Bc4 28.Nc6 Nd5 29.Bc5 Rfe8
30.Ra6 Re6 31.Rba1 Nc7 32.Ne7+ Kh7 33.Rxe6 Bxe6 34.f4 g6 35.h3 h5 36.Kf2 Nd5
37.Nxd5 Bxd5 38.g4 Be6 39.Kg3 Kg7 40.Kh4 hxg4 41.hxg4 f6 42.Ra6 g5+ 43.fxg5 fxg5+
44.Kxg5 Kf7 45.Kf4 Rd8 46.g5 Rg8 47.Rxa7+ Kg6 48.Ra6 Kf7 49.Rb6 Re8 50.Rxb5 Rh8
51.Rb6 Rh4+ 52.Kf3 Bd5+ 53.Kg3 Re4 54.Rf6+ Kg7 55.Bf8+ Kg8 56.Bd6 Re1 57.Kf2  1-0

[Event "Najdorf mem op"]
[Site "Buenos Aires"]
[Date "1999.09.28"]
[Round "7"]
[White "Sorin, Ariel"]
[Black "Soppe, Guillermo"]
[Result "1/2-1/2"]
[WhiteElo "2501"]
[BlackElo "2448"]

1.d4 d5 2.c4 dxc4 3.e4 e5 4.Nf3 exd4 5.Bxc4 Nc6 6.O-O Be6 7.Bxe6 fxe6 8.Qb3 Qd7
9.Bf4 Bd6 10.e5 Bc5 11.Qxb7 Rb8 12.Qa6 Nge7 13.Rc1 Bb6 14.Nbd2 O-O 15.Bg3 d3
16.Rc3 Rbd8 17.Rd1 Nd5 18.Rb3 Nf4 19.Kh1 Nd4 20.Nxd4 Qxd4 21.Nf3 Qe4 22.Rc3 Qb4
23.Bxf4 Qxf4 24.h3 d2 25.Qe2 Rd5 26.Rc4 Qf5 27.Rxd2 Rxd2 28.Qxd2 Qb1+ 29.Kh2 Qxa2
30.Rg4 Qd5 31.Qg5 Qd7 32.Qh4 Qd8 33.Qh5 Qe8 34.Qg5 Qd7 35.Qh4 Qd8  1/2-1/2

[Event "Wch U20"]
[Site "Yerevan"]
[Date "1999.09.29"]
[Round "12"]
[White "Labollita, Martin"]
[Black "Bucinskas, Valdas"]
[Result "1-0"]
[WhiteElo "2199"]
[BlackElo "2248"]

1.d4 d5 2.c4 dxc4 3.e4 Nf6 4.Nc3 Nc6 5.d5 Ne5 6.Bf4 Ng6 7.Bg3 e6 8.Bxc4 exd5
9.exd5 a6 10.Nge2 Bd6 11.a4 O-O 12.O-O Ne7 13.Nd4 Bxg3 14.fxg3 Nexd5 15.Nxd5 Nxd5
16.Qh5 Nf6 17.Qh4 c5 18.Nf5 Bxf5 19.Rxf5 Re8 20.Bxf7+ Kxf7 21.Rxf6+ Qxf6
22.Rf1 Qxf1+ 23.Kxf1 Kg8 24.Qc4+ Kh8 25.Qxc5 Rac8 26.Qb6 Re7 27.h4 Kg8 28.Kg1 Rc6
29.Qb3+ Kf8 30.g4 g6 31.Qd3 Rce6 32.Qd8+ Kg7 33.Qd4+ Re5 34.Qd6 Kf7 35.Qd4 Re4
36.Qd5+ Ke8 37.Qg8+ Kd7 38.Qb8 Kc6 39.a5 Kb5 40.Qd8 Ka4 41.h5 R4e5 42.Kf2 g5
43.Kg3 h6 44.Qd6 R5e6 45.Qc5 Kb3 46.Qc3+ Ka2 47.Qa3+ Kb1 48.Kh2 Rd7 49.b4 Re2
50.Qf3 Rc2 51.b5 Ka2 52.Qe4 Kb1 53.Qb4+ Kc1 54.Qa3+ Kb1 55.Qb3+ Rb2 56.Qe6 Rd4
57.bxa6 bxa6 58.Qxa6 Rxg4 59.Qd3+ Ka2 60.Qd5+ Rb3 61.a6 Rh4+ 62.Kg1 Ra4 63.Qe6 Ka3
64.Qe1 Ka2 65.Qf2+ Ka1 66.a7 Rba3 67.Qf6+ Kb1 68.Qxh6 g4 69.Qg6+ Kb2 70.a8=Q Rxa8
71.Qxg4 R8a7 72.Kh2 Rc3 73.Qb4+ Kc2 74.Qe4+ Kb2 75.h6 Rcc7 76.g4 Kb3 77.Kg3 Ra4
78.Qd5+ Kb2 79.g5 Raa7  1-0

[Event "Budapest FS10 GM"]
[Site "Budapest"]
[Date "1999.10.02"]
[Round "1"]
[White "Forintos, Gyozo V"]
[Black "Narciso Dublan, Marc"]
[Result "1/2-1/2"]
[WhiteElo "2343"]
[BlackElo "2447"]

1.d4 d5 2.c4 dxc4 3.e4 e5 4.Nf3 exd4 5.Qxd4 Qxd4 6.Nxd4 Bd7 7.Bxc4 Nc6 8.Nxc6 Bxc6
9.Nc3 Bb4 10.f3 f6 11.Be3 O-O-O 12.Ke2 Ne7 13.Nb5 Bxb5 14.Bxb5 f5 15.Rad1 fxe4
16.fxe4 a6 17.Bc4  1/2-1/2

[Event "Budapest FS10 IM"]
[Site "Budapest"]
[Date "1999.10.09"]
[Round "8"]
[White "Jakab, Attila"]
[Black "Naes, Flovin Tor"]
[Result "0-1"]
[WhiteElo "2328"]
[BlackElo "2222"]

1.d4 d5 2.c4 dxc4 3.e4 e5 4.Nf3 exd4 5.Bxc4 Bb4+ 6.Bd2 Bxd2+ 7.Nbxd2 Nc6
8.O-O Nf6 9.e5 Ng4 10.h3 Nh6 11.Nb3 Nf5 12.Bb5 Qd5 13.Bxc6+ Qxc6 14.Rc1 Qb6
15.g4 Ne7 16.Qxd4 h5 17.Qxb6 axb6 18.Rxc7 hxg4 19.hxg4 Bxg4 20.Nh2 Nd5 21.Rcc1 Be6
22.Nd4 Kd7 23.a3 Rh3 24.Nxe6 Kxe6 25.Rfd1 Rah8 26.Nf1 R3h5 27.Ng3 Rxe5 28.Re1 g6
29.Ne4 f6 30.Nd2 Rxe1+ 31.Rxe1+ Kf5 32.Nc4 Rh7 33.Nd6+ Kf4 34.Re4+ Kg5 35.Rd4 Nf4
36.Rb4 Kg4 37.Rxb6 Kf3 38.Rb3+ Ke2 39.Nxb7 Nd3 40.Nd6 Nxf2 41.a4 Rh4 42.a5 Rg4+
43.Kh2 Kf1  0-1